Quais as pinturas mais famosas do mundo? - Statistics

Estatísticas Gerais
  • Esse quiz foi jogado 93 vezes
  • A pontuação média é 4 de 13
Estatísticas das Respostas
Hint Resposta % Correto
Leonardo DaVinci Monalisa
100%
Vincent Van Gogh Noite estrelada
68%
Edvard Munch O grito
65%
Pablo Picasso Guernica
46%
Tarsila do Amaral Abapuru
29%
Leonardo DaVinci A última ceia
27%
Michelangelo A criação de Adão
20%
Vincent Van Gogh Os girassóis
17%
Sandro Botticelli O nascimento de Vênus
16%
Salvador Dalí A persistência da memória
15%
Caravaggio Medusa
12%
Rafael Sanzio A escola de Atenas
5%
Johannes Vermeer Moça com o brinco de pérola
2%
Nenhum quiz correspondente encontrado
Distribuição das Pontuações
Porcentagem de Pessoas com Cada Pontuação
Percentil de Números Respondidos
Sua Pontuação Histórica
Você não jogou esse quiz